| 000 | 01561nam0a22002651 4500 | ||
|---|---|---|---|
| 001 | rc\3596855 | ||
| 005 | 20260408082633.0 | ||
| 021 |
_aRU _bРг12098-73 |
||
| 021 |
_aRU _b73-ОЭ-3075/6 |
||
| 035 | _a(NLR Aleph) 007705173 | ||
| 090 |
_a6790403 _c6790403 |
||
| 100 | _a20130115d1970 |||y0rusy50 ca | ||
| 101 | 0 | _arus | |
| 102 | _aRU | ||
| 105 | _ay z ||||| | ||
| 200 | 1 |
_aПрограмма-методика научно-исследовательских работ на 1971-1975 гг. по теме "Научные основы и совершенствование организации нормирования и тарификации труда в сельском хозяйстве" _eПроект _fМ-во с. х. СССР. Всесоюз. науч.-исслед. ин-т экономики сельск. хоз-ва. Лаб. нормативов по труду |
|
| 210 |
_aМосква _cБ. и. _d1970 |
||
| 215 |
_a30 с. _d20 |
||
| 532 | 1 | 1 | _aПрограмма-методика научно-исследовательских работ на тысяча семьдесят первый - 1975 гг. по теме "Научные основы и совершенствование организации нормирования и тарификации труда в сельском хозяйстве" |
| 712 | 0 | 2 |
_aВНИИ экономики сельского хозяйства _3RU\NLR\AUTH\8810150744 _9796237 |
| 801 | 0 |
_aRU _bNLR _gpsbo |
|
| 801 | 1 |
_aRU _bELAR _2rusmarc |
|
| 852 |
_aNLR _j73-4/21549 |
||
| 942 | _cBOOK | ||
| 980 | _aNB | ||